Central Library OPAC University of Rajshahi

সংসদ বাঙ্গালা অভিধান / (Record no. 49724)

MARC details
000 -LEADER
fixed length control field 00874nam a22002417a 4500
001 - CONTROL NUMBER
control field 49724
003 - CONTROL NUMBER IDENTIFIER
rucl marc code BD-RjUL
005 - DATE AND TIME OF LATEST TRANSACTION
control field 20211209054723.0
008 - FIXED-LENGTH DATA ELEMENTS--GENERAL INFORMATION
fixed length control field 160822b1971 b ||||| |||| 00| 0 ben d
020 ## - INTERNATIONAL STANDARD BOOK NUMBER
Terms of availability : TK 60.00
035 ## - SYSTEM CONTROL NUMBER
System control number (BD-RjUL)49844
040 ## - CATALOGING SOURCE
Original cataloging agency BD-RjUL
Language of cataloging ben
Transcribing agency BD-RjUL
041 ## - LANGUAGE CODE
Language code of text/sound track or separate title ben
082 ## - DEWEY DECIMAL CLASSIFICATION NUMBER
Edition number 23
Author mark and year BIS 1971
Classification number 491.443
100 ## - MAIN ENTRY--PERSONAL NAME
Personal name বিশ্বাস, শৈলেন্দ্র
9 (RLIN) 149087
245 10 - TITLE STATEMENT
Title সংসদ বাঙ্গালা অভিধান /
Statement of responsibility, etc. শৈলেন্দ্র বিশ্বাস
250 ## - EDITION STATEMENT
Edition statement ৩য় সং
260 ## - PUBLICATION, DISTRIBUTION, ETC. (IMPRINT)
Place of publication, distribution, etc. কলিকাতা :
Name of publisher, distributor, etc. সাহিত্য সংসদ,
Date of publication, distribution, etc. ১৯৭১
300 ## - PHYSICAL DESCRIPTION
Pagination [৪], ৯৬৯পৃ. ;
Size ১৭ সেমি.
650 ## - SUBJECT ADDED ENTRY--TOPICAL TERM
Topical term or geographic name as entry element বাংলা ভাষা
9 (RLIN) 149080
Form subdivision অভিধান
Topical term or geographic name as entry element Bengali language
9 (RLIN) 149081
Form subdivision Dictionaries
942 ## - ADDED ENTRY ELEMENTS (KOHA)
Source of classification or shelving scheme Dewey Decimal Classification
Koha item type Books
Holdings
Lost status Source of classification or shelving scheme Damaged status Not for loan Collection code Permanent Location Current Location Shelving location Date acquired Source of acquisition Cost, normal purchase price Total Checkouts Full call number Date last seen Copy number Koha item type
  Dewey Decimal Classification   Not For Loan Reference Central Library, University of Rajshahi Central Library, University of Rajshahi   19/06/1981 Ideal Library, Dhaka 60.00   BR 491.443 SHO 1971 22/08/2016 C-1 Reference
  Dewey Decimal Classification   Not For Loan Reference Central Library, University of Rajshahi Central Library, University of Rajshahi Reference 02/05/1975 ইউরেকা বুক 50.00   BR 491.443 BIS 1971 30/10/2023 C-2 Reference